Escudos de fútbol A - Z - Estadísticas

Estadísticas generales
  • Esta prueba ha sido intentada 10.493 veces
  • La puntuación promedio es 19 de 25
Estadísticas de respuestas
Imagen Hint Respuesta % Correcto
B Barcelona
100%
A Arsenal
98%
C Chelsea
97%
J Juventus
95%
P Paris Saint-Germain
93%
L Liverpool
92%
M Manchester United
92%
R Real Madrid
91%
S Sevilla
89%
V Valencia
88%
N Napoli
85%
E Everton
83%
G Galatasaray
82%
I Inter Milan
82%
T Tottenham Hotspur
80%
D Dinamo Zagreb
73%
Y Young Boys
72%
O Olympiakós
70%
F Feyenoord
69%
H Hamburgo
67%
K 1. FC Köln
62%
W Wolfsburgo
59%
U Udinese
58%
Q Queens Park Rangers
42%
Z Zürich
22%
No se encontraron pruebas coincidentes
Distribución de puntuación
Porcentaje de gente con cada puntuación
Porcentaje por número respondido
Historial de tus puntuaciones
No has intentado esta prueba.